000 00590nas a2200217 4500
001 BR7601097
003 BR-BrBNA
005 20231205082925.0
007 ta
008 230509b bl.|||p| |||| 00| 00por d
040 _aBR-BrBNA
_bpor
_cBiblioteca Nacional de Agricultura
041 _a(Pt)
072 _aL30
100 1 _aHall, G.A.B.
245 1 _aFonte de fosforo para bovinos
650 _aBOVINO
650 _aFOSFORO
773 0 _tRevista dos Criadores (Brazil)
_x
_g(Mar 1976), v. 46(554) p. 48-49
_wBR7601097
909 _a202311
_bLúcia
_c55
_dLúcia Elande
942 _2AGRIS
_n0
_cANA
999 _c95134
_d95134